UK Cities Beginning With L - Statistics

General Stats
  • This quiz has been taken 115 times
    113 since last reset
  • The average score is 6 of 8
Answer Stats
Nation Answer % Correct
England Leeds
92%
England Leicester
92%
England Liverpool
88%
England City of London
87%
England Lincoln
65%
England Lancaster
63%
Northern Ireland Lisburn
44%
England Lichfield
39%
No matching quizzes found
Score Distribution
Percent of People with Each Score
Percentile by Number Answered
Your Score History
You have not taken this quiz since the last reset